Score 0/20 Timer 03:00
0 Plays Today
Hint Answer % Correct
Moisture LadderWET
98.4%
Moisture LadderDRY
97.8%
Grain LadderRAT
90.4%
Grain LadderROT
87.6%
Beverage LadderHOT
85.2%
Beverage LadderSEA
84.2%
Protector LadderDYE
83.3%
Protector LadderDIE
82.1%
Beverage LadderTEA
80.9%
Grain LadderROE
77.6%
Hint Answer % Correct
Protector LadderDID
77.2%
Beverage LadderSET
74.8%
Beverage LadderSOT
70.8%
Protector LadderLID
70.6%
Protector LadderEYE
67.5%
Grain LadderRYE
67.5%
Grain LadderOAT
61.5%
Moisture LadderDEY
61.4%
Moisture LadderBET
58.9%
Moisture LadderBEY
49.8%

Today's Daily Dose

Remove Ads.
Support Sporcle.
Get the best of Sporcle when you Go Orange. This ad-free experience offers more features, more stats, and more fun while also helping to support Sporcle. Thank you for becoming a member.

You're not logged in!

Compare scores with friends on all Sporcle quizzes.
OR
Log In

Show Comments

Extras

Top Quizzes Today


Score Distribution

Your Account Isn't Verified!

In order to create a playlist on Sporcle, you need to verify the email address you used during registration. Go to your Sporcle Settings to finish the process.

Report this User

Report this user for behavior that violates our Community Guidelines.

Details: